DEVELOPMENTAL psychology
Salvato in:
| Natura: | Libro |
|---|---|
| Lingua: | inglese |
| Pubblicazione: |
McGraw Hill Education
2019
|
| Tags: |
Aggiungi Tag
Nessun Tag, puoi essere il primo ad aggiungerne!!
|
MARC
| LEADER | 00000nam a22000007a 4500 | ||
|---|---|---|---|
| 008 | 210910b ||||| |||| 00| 0 eng d | ||
| 020 | |a 9780077175191 | ||
| 245 | |a DEVELOPMENTAL psychology |c Patrick Leman ... (et al.) |g xvi,658p;ill | ||
| 260 | |b McGraw Hill Education |c 2019 |h London |i 697008 |i 697009 |l BF713,D49 |m Developmental psychology | ||
| 500 | |a it includes references and index | ||
| 942 | |a lcc |c BK |e Johnson |f 10/09/21 | ||
| 952 | |0 0 |1 0 |2 lcc |4 0 |6 BF0713 D49 |7 0 |9 3537 |a ART |b HOL |c AF |d 2021-09-10 |l 0 |o BF713.D49 |p 2021-67266 |r 2021-09-10 00:00:00 |w 2021-09-10 |y BK | ||
| 952 | |0 0 |1 0 |2 lcc |4 0 |6 BF0713 D49 |7 0 |9 3538 |a HOL |b HOL |c AF |d 2021-09-10 |l 0 |o BF713.D49 |p 2023-0484 |r 2021-09-10 00:00:00 |w 2021-09-10 |y BK | ||
| 952 | |0 0 |1 0 |2 lcc |4 0 |6 BF0713 D49 |7 0 |9 4564 |a ART |b HOL |c AF |d 2023-10-12 |l 0 |o BF713.D49 |p 2023-0485 |r 2023-10-12 00:00:00 |t 701517 |w 2023-10-12 |y BK | ||
| 952 | |0 0 |1 0 |2 lcc |4 0 |6 BF0713 D49 |7 0 |9 4565 |a HOL |b HOL |c AF |d 2023-10-12 |l 0 |o BF713.D49 |p 2023-0486 |r 2023-10-12 00:00:00 |t 701518 |w 2023-10-12 |y BK | ||
| 999 | |c 1752 |d 1752 | ||